Winona Ryder Filmography - Statistics

General Stats
  • This quiz has been taken 352 times
    8 since last reset
  • The average score is 40 of 104
Answer Stats
Type Year Name % Correct
Film 1988 Beetlejuice
100%
Film 1990 Edward Scissorhands
100%
Film 1994 Little Women
100%
Film 1990 Mermaids
100%
Film 1997 Alien Resurrection
75%
Film 2010 Black Swan
75%
Film 1992 Bram Stoker's Dracula
75%
Film 2012 Frankenweenie
75%
Film 1999 Girl, Interrupted
75%
Film 1988 Heathers
75%
TV Show 1994 The Simpsons
75%
Film 1988 1969
50%
Film 2006 A Scanner Darkly
50%
Film 2000 Autumn in New York
50%
Film 2024 Beetlejuice Beetlejuice
50%
Film 1999 Being John Malkovich
50%
Documentary 2011 Ben Lee: Catch My Disease
50%
Film 1996 Boys
50%
Commercial 2021 Cadillac
50%
Film 1998 Celebrity
50%
Film 2018 Destination Wedding
50%
TV Show 1996 Dr. Katz, Professional Therapist
50%
TV Show 2013, 2014 Drunk History
50%
TV Show 2001 Friends
50%
Film 2022 Gone in the Night
50%
Film 1989 Great Balls of Fire!
50%
Music Video 2012 Here with Me
50%
Film 2013 Homefront
50%
Music Video 1993 Locked Out
50%
Documentary 1996 Looking for Richard
50%
Commercial 2018 L'Oréal
50%
Film 2000 Lost Souls
50%
Music Video 1992 Love Song for a Vampire
50%
Film 1986 Lucas
50%
Film 2002 Mr. Deeds
50%
Film 1991 Night on Earth
50%
Film 1994 Reality Bites
50%
Film 2002 S1M0NE
50%
Web Special 2020 Sarah Cooper: Everything's Fine
50%
TV Show 2001, 2002 Saturday Night Live
50%
TV Mini-Series 2015 Show Me a Hero
50%
Film 1987 Square Dance
50%
Film 2009 Star Trek
50%
TV Show 2000 Strangers with Candy
50%
Web Series 2016-2025 Stranger Things
50%
Music Video 1998 Talk About the Blues
50%
Film 1993 The Age of Innocence
50%
Film 1996 The Crucible
50%
Film 2006 The Darwin Awards
50%
Documentary 2003 The Day My God Died
50%
Film 2011 The Dilemma
50%
Film 2004 The Heart Is Deceitful Above All Things
50%
Film 1993 The House of the Spirits
50%
Film 2012 The Iceman
50%
TV Show 1998 The Larry Sanders Show
50%
Film 2012 The Letter
50%
TV Mini-Series 2020 The Plot Against America
50%
Film 2009 The Private Lives of Pippa Lee
50%
Music Video 1990 The Shoop Shoop Song (It's in His Kiss)
50%
TV Film 2014 Turks & Caicos
50%
Short Film 2009 Water Pills
50%
Web Series 2026 Wednesday
50%
Short Film 2007 Welcome
50%
Film 1990 Welcome Home, Roxy Carmichael
50%
TV Film 2010 When Love Is Not Enough: The Lois Wilson Story
50%
Audiobook 1995 Anne Frank: The Diary of a Young Girl - The Definitive Edition
25%
Commercial 1999 Caffe Latte
25%
Music Video 1989 Debbie Gibson Is Pregnant with My Two-Headed Love Child
25%
Film 2015 Experimenter
25%
Commercial 2018 H&M
25%
Film 2023 Haunted Mansion
25%
Film 1995 How to Make an American Quilt
25%
Music Video 2026 Punk Rocky
25%
Film 2007 Sex and Death 101
25%
Commercial 2020 Squarespace
25%
Film 2009 Stay Cool
25%
Film 2008 The Informers
25%
Film 2008 The Last Word
25%
Film 2007 The Ten
25%
Music Video 1993 Without a Trace
25%
Film 2001 Zoolander
25%
TV Special 2007 AFI Life Achievement Award: A Tribute to Al Pacino
0%
TV Special 1997 AFI Life Achievement Award: A Tribute to Martin Scorsese
0%
Documentary 2011 Black Swan: Metamorphosis
0%
Documentary Mini-Series 1998 Bravo Profiles: The Entertainment Business
0%
TV Special 1998 Christopher Reeve: A Celebration of Hope
0%
TV Show 2002 Comedy Central Canned Ham
0%
Documentary Series 2004 Hollywood Greats
0%
Documentary 2008 Hotel Gramercy Park
0%
TV Documentary 2007 Marc Jacobs & Louis Vuitton
0%
TV Special 2004 Moving Image Salutes Richard Gere
0%
Documentary 2026 One Last Adventure: The Making of Stranger Things 5
0%
Short Film 2014 Scorsese's Women
0%
TV Special 2018 Stand Up to Cancer
0%
TV Special 1996 The Annual Artists Rights Foundation Honors Martin Scorsese
0%
TV Special 1998 The Comedy Club Roast of Drew Carey
0%
TV Documentary 2013 The Future of Spaceship Earth: Fuel Tanks Will Run Dry
0%
TV Documentary 2014 The Future of Spaceship Earth: Glitches Found in Spaceship Earth's Support System
0%
TV Documentary 2014 The Future of Spaceship Earth: Mapping Our Future
0%
TV Documentary 2013 The Future of Spaceship Earth: No Stopping the Expansion of 'Cabins'
0%
Documentary 2022 The Mojo Manifesto: The Life and Times of Mojo Nixon
0%
Theater 1998 V-Day
0%
TV Show 1997 Very Important Pennis
0%
TV Documentary 2022 Winona Ryder - Die Geister, die sie rief
0%
No matching quizzes found
Score Distribution
Percent of People with Each Score
Percentile by Number Answered
Your Score History
You have not taken this quiz since the last reset